[Event "DEM U14 2024"]
[Site "Willingen GER"]
[Date "2024.05.19"]
[Round "2"]
[White "Besou, Hussain"]
[Black "Yasmo, Daniil"]
[Result "1-0"]
[Termination "normal"]
[Board "1"]
[WhiteTitle "FM"]
[WhiteElo "2260"]
[BlackElo "2067"]
[WhiteClock "00:10:20"]
[BlackClock "00:04:23"]
[PlyCount "119"]
[WhiteFideId "16269950"]
[BlackFideId "14199165"]
[EventCountry "GER"]
[EventRounds "9"]
[EventType "swiss"]
[EventDate "2024.05.18"]

1. e4 {[%clk 01:30:58]} {[%emt 01:12:03]} e6 {[%clk 01:30:56]} {[%emt
00:00:05]} 2. d4 {[%clk 01:31:20]} {[%emt 00:00:07]} d5 {[%clk 01:31:21]}
{[%emt 00:00:05]} 3. Nc3 {[%clk 01:31:41]} {[%emt 00:00:10]} a6 {[%clk
01:31:43]} {[%emt 00:00:08]} 4. Nf3 {[%clk 01:24:34]} {[%emt 00:07:35]} Nf6
{[%clk 01:31:54]} {[%emt 00:00:21]} 5. e5 {[%clk 01:19:49]} {[%emt 00:05:15]}
Nfd7 {[%clk 01:32:19]} {[%emt 00:00:06]} 6. Ne2 {[%clk 01:19:26]} {[%emt
00:00:52]} c5 {[%clk 01:32:43]} {[%emt 00:00:06]} 7. c3 {[%clk 01:19:52]}
{[%emt 00:00:04]} Nc6 {[%clk 01:32:55]} {[%emt 00:00:17]} 8. a3 {[%clk
01:16:54]} {[%emt 00:03:28]} c4 {[%clk 01:21:36]} {[%emt 00:11:50]} 9. g3
{[%clk 01:15:54]} {[%emt 00:01:30]} Na5 {[%clk 01:18:26]} {[%emt 00:03:40]} 10.
Be3 {[%clk 01:07:49]} {[%emt 00:08:34]} Nb6 {[%clk 01:11:41]} {[%emt 00:07:16]}
11. Nd2 {[%clk 01:07:43]} {[%emt 00:00:35]} Bd7 {[%clk 01:11:11]} {[%emt
00:01:01]} 12. Nf4 {[%clk 00:59:04]} {[%emt 00:09:08]} Ba4 {[%clk 01:08:36]}
{[%emt 00:03:05]} 13. Qe2 {[%clk 00:59:12]} {[%emt 00:00:23]} Qd7 {[%clk
01:05:28]} {[%emt 00:03:38]} 14. Bg2 {[%clk 00:55:56]} {[%emt 00:03:45]} Qb5
{[%clk 01:02:19]} {[%emt 00:03:39]} 15. O-O {[%clk 00:55:24]} {[%emt 00:01:02]}
Bc2 {[%clk 00:52:03]} {[%emt 00:10:46]} 16. Rac1 {[%clk 00:42:14]} {[%emt
00:13:40]} Bg6 {[%clk 00:42:01]} {[%emt 00:10:32]} 17. Nxg6 {[%clk 00:40:58]}
{[%emt 00:01:47]} hxg6 {[%clk 00:42:24]} {[%emt 00:00:08]} 18. Nf3 {[%clk
00:38:49]} {[%emt 00:02:38]} Na4 {[%clk 00:40:12]} {[%emt 00:02:42]} 19. Rc2
{[%clk 00:38:52]} {[%emt 00:00:27]} Nb3 {[%clk 00:38:57]} {[%emt 00:01:45]} 20.
h4 {[%clk 00:37:36]} {[%emt 00:01:46]} Be7 {[%clk 00:35:18]} {[%emt 00:04:08]}
21. Ng5 {[%clk 00:36:29]} {[%emt 00:01:37]} Qd7 {[%clk 00:29:16]} {[%emt
00:06:33]} 22. Qg4 {[%clk 00:32:52]} {[%emt 00:04:07]} Na5 {[%clk 00:26:51]}
{[%emt 00:02:55]} 23. f4 {[%clk 00:29:18]} {[%emt 00:04:05]} Nc6 {[%clk
00:25:04]} {[%emt 00:02:18]} 24. Bf3 {[%clk 00:28:50]} {[%emt 00:00:58]} Bxg5
{[%clk 00:23:05]} {[%emt 00:02:29]} 25. Qxg5 {[%clk 00:25:15]} {[%emt
00:04:05]} Qe7 {[%clk 00:22:19]} {[%emt 00:01:16]} 26. Qg4 {[%clk 00:25:13]}
{[%emt 00:00:32]} O-O-O {[%clk 00:21:38]} {[%emt 00:01:11]} 27. Rh2 {[%clk
00:23:58]} {[%emt 00:01:45]} Rh7 {[%clk 00:19:05]} {[%emt 00:05:14]} 28. Bd1
Nb6 {[%emt 00:00:32]} 29. Bc2 {[%clk 00:22:49]} Rh5 {[%clk 00:18:27]} {[%emt
00:01:05]} 30. Bf2 {[%clk 00:22:52]} {[%emt 00:00:27]} Rdh8 {[%clk 00:15:51]}
{[%emt 00:03:05]} 31. Kg2 {[%clk 00:22:44]} {[%emt 00:00:38]} Qe8 {[%clk
00:13:29]} {[%emt 00:02:53]} 32. Qe2 {[%clk 00:16:08]} {[%emt 00:07:05]} Ne7
{[%clk 00:12:05]} {[%emt 00:01:55]} 33. g4 {[%clk 00:14:29]} {[%emt 00:02:09]}
R5h7 {[%clk 00:10:41]} {[%emt 00:01:54]} 34. Bd1 {[%clk 00:13:31]} {[%emt
00:01:27]} Na8 {[%clk 00:10:08]} {[%emt 00:01:03]} 35. Rfh1 {[%clk 00:13:33]}
{[%emt 00:00:29]} Nc7 {[%clk 00:10:13]} {[%emt 00:00:25]} 36. Bc2 {[%clk
00:13:13]} {[%emt 00:00:49]} b5 {[%clk 00:09:38]} {[%emt 00:01:06]} 37. Qf3
{[%clk 00:09:57]} {[%emt 00:03:46]} a5 {[%clk 00:08:11]} {[%emt 00:01:56]} 38.
h5 {[%clk 00:09:24]} {[%emt 00:01:03]} Rh6 {[%clk 00:06:58]} {[%emt 00:01:44]}
39. hxg6 {[%clk 00:09:11]} {[%emt 00:00:43]} Rxh2+ 40. Rxh2 {[%clk 00:09:27]}
Nxg6 {[%emt 00:03:59]} 41. f5 {[%clk 00:07:34]} {[%emt 00:00:05]} Rxh2+ {[%clk
00:06:14]} 42. Kxh2 {[%clk 00:07:59]} Qh8+ {[%emt 00:00:04]} 43. Kg1 {[%clk
00:03:09]} {[%emt 00:04:08]} Nh4 {[%clk 00:04:13]} {[%emt 00:02:56]} 44. Qf4
{[%clk 00:02:14]} {[%emt 00:01:23]} Qh7 {[%clk 00:01:39]} {[%emt 00:03:05]} 45.
Bg3 {[%clk 00:00:48]} {[%emt 00:01:56]} g5 {[%clk 00:01:05]} {[%emt 00:01:04]}
46. Qf2 {[%clk 00:24:38]} {[%emt 00:06:39]} exf5 {[%clk 00:25:15]} {[%emt
00:06:21]} 47. Bxh4 {[%clk 00:23:50]} {[%emt 00:01:18]} Qxh4 {[%clk 00:25:40]}
{[%emt 00:00:04]} 48. Qxh4 {[%clk 00:24:09]} {[%emt 00:00:12]} gxh4 {[%clk
00:26:06]} {[%emt 00:00:04]} 49. gxf5 {[%clk 00:22:42]} {[%emt 00:01:57]} b4
{[%clk 00:24:18]} {[%emt 00:02:19]} 50. axb4 {[%clk 00:22:44]} {[%emt
00:00:28]} axb4 {[%clk 00:24:41]} {[%emt 00:00:06]} 51. Ba4 {[%emt 00:07:44]}
bxc3 {[%clk 00:18:49]} {[%emt 00:00:19]} 52. bxc3 {[%clk 00:22:56]} {[%emt
00:00:04]} Kd8 {[%clk 00:18:14]} {[%emt 00:00:09]} 53. Kg2 {[%clk 00:16:19]}
{[%emt 00:07:07]} Ke7 {[%clk 00:13:44]} {[%emt 00:04:59]} 54. f6+ {[%clk
00:15:14]} {[%emt 00:01:36]} Kf8 {[%clk 00:07:21]} {[%emt 00:06:53]} 55. Bd7
{[%clk 00:09:33]} {[%emt 00:06:10]} Kg8 {[%clk 00:04:07]} {[%emt 00:03:44]} 56.
Kh3 {[%clk 00:09:58]} {[%emt 00:00:06]} Kh7 {[%clk 00:03:53]} {[%emt 00:00:44]}
57. Kxh4 {[%clk 00:10:22]} {[%emt 00:00:06]} Kg6 {[%clk 00:03:40]} {[%emt
00:00:42]} 58. Kg4 {[%clk 00:10:47]} {[%emt 00:00:05]} Na8 {[%clk 00:03:58]}
{[%emt 00:00:12]} 59. Bc6 {[%clk 00:10:20]} {[%emt 00:01:11]} Nc7 {[%clk
00:04:23]} 60. Bb7 {[%emt 00:03:53]} 1-0

[Event "DEM U14 2024"]
[Site "Willingen GER"]
[Date "2024.05.19"]
[Round "2"]
[White "Geist, Tim"]
[Black "Korchynskyi, Mykola"]
[Result "0-1"]
[Termination "normal"]
[Board "2"]
[BlackTitle "FM"]
[WhiteElo "2007"]
[BlackElo "2313"]
[WhiteClock "00:09:21"]
[BlackClock "00:01:16"]
[PlyCount "82"]
[WhiteFideId "34604324"]
[BlackFideId "34138005"]
[EventCountry "GER"]
[EventRounds "9"]
[EventType "swiss"]
[EventDate "2024.05.18"]

1. e4 {[%clk 01:30:36]} {[%emt 00:00:23]} e6 {[%clk 01:29:53]} {[%emt
00:01:08]} 2. d4 {[%clk 01:30:29]} {[%emt 00:00:36]} d5 {[%clk 01:30:19]}
{[%emt 00:00:04]} 3. e5 {[%clk 01:30:47]} {[%emt 00:00:12]} c5 {[%clk
01:30:36]} {[%emt 00:00:14]} 4. c3 {[%clk 01:31:12]} {[%emt 00:00:05]} Nc6
{[%clk 01:31:03]} {[%emt 00:00:03]} 5. Nf3 {[%clk 01:31:37]} {[%emt 00:00:04]}
Qb6 {[%clk 01:31:30]} {[%emt 00:00:03]} 6. Bd3 {[%clk 01:31:51]} {[%emt
00:00:17]} cxd4 {[%clk 01:31:42]} {[%emt 00:00:18]} 7. O-O {[%clk 01:31:59]}
{[%emt 00:00:22]} Nge7 {[%clk 01:27:26]} {[%emt 00:04:46]} 8. h4 {[%clk
01:30:26]} {[%emt 00:02:02]} dxc3 {[%clk 01:15:52]} {[%emt 00:12:05]} 9. Nxc3
{[%clk 01:30:50]} {[%emt 00:00:05]} Ng6 {[%clk 01:16:06]} {[%emt 00:00:15]} 10.
Re1 {[%clk 01:22:05]} {[%emt 00:09:16]} Be7 {[%clk 01:09:20]} {[%emt 00:07:16]}
11. g3 {[%clk 01:14:43]} {[%emt 00:07:52]} f6 {[%clk 00:59:46]} {[%emt
00:10:04]} 12. exf6 {[%clk 01:10:44]} {[%emt 00:04:29]} gxf6 {[%clk 00:58:41]}
{[%emt 00:01:35]} 13. Be3 {[%clk 00:51:47]} {[%emt 00:19:27]} Qd8 {[%clk
00:55:23]} {[%emt 00:03:46]} 14. Rc1 {[%clk 00:50:05]} {[%emt 00:02:14]} Bd7
{[%clk 00:46:33]} {[%emt 00:09:20]} 15. Nh2 {[%clk 00:39:37]} {[%emt 00:10:59]}
Nce5 {[%clk 00:43:21]} {[%emt 00:03:43]} 16. Bb1 {[%clk 00:38:37]} {[%emt
00:01:29]} Bc6 {[%clk 00:32:44]} {[%emt 00:11:07]} 17. Bd4 {[%clk 00:38:21]}
{[%emt 00:00:47]} Qd7 {[%clk 00:23:21]} {[%emt 00:09:52]} 18. Qh5 {[%clk
00:32:46]} {[%emt 00:06:04]} O-O-O {[%clk 00:14:43]} {[%emt 00:09:09]} 19. Bxa7
{[%clk 00:30:55]} {[%emt 00:02:23]} Rdg8 {[%clk 00:14:04]} {[%emt 00:01:08]}
20. Na4 {[%clk 00:30:13]} {[%emt 00:01:12]} Kc7 {[%emt 00:10:54]} 21. Qh6
{[%clk 00:21:54]} {[%emt 00:02:20]} b5 {[%clk 00:06:04]} {[%emt 00:04:34]} 22.
Qe3 {[%clk 00:16:01]} {[%emt 00:06:23]} d4 {[%clk 00:04:57]} {[%emt 00:01:37]}
23. Bxd4 {[%clk 00:14:10]} {[%emt 00:02:22]} bxa4 {[%clk 00:05:01]} {[%emt
00:00:26]} 24. Red1 {[%clk 00:14:24]} {[%emt 00:00:15]} Bd6 {[%clk 00:03:14]}
{[%emt 00:02:18]} 25. Be4 {[%clk 00:13:37]} {[%emt 00:01:17]} Kb7 {[%clk
00:03:00]} {[%emt 00:00:43]} 26. Ba7 {[%clk 00:13:10]} {[%emt 00:00:57]} Bxe4
{[%clk 00:01:37]} {[%emt 00:01:53]} 27. Bc5 {[%clk 00:12:12]} {[%emt 00:01:28]}
Bd5 {[%clk 00:02:04]} {[%emt 00:00:04]} 28. Rd4 {[%clk 00:11:41]} {[%emt
00:01:00]} Bxc5 {[%clk 00:01:56]} 29. Rxc5 {[%clk 00:12:11]} Nc6 {[%clk
00:02:13]} {[%emt 00:00:12]} 30. Rxa4 {[%clk 00:12:18]} {[%emt 00:00:24]} Rb8
{[%clk 00:02:05]} {[%emt 00:00:38]} 31. Ng4 {[%clk 00:11:55]} {[%emt 00:00:52]}
Rhf8 {[%clk 00:01:40]} {[%emt 00:00:55]} 32. b4 {[%clk 00:10:18]} {[%emt
00:02:07]} Nd4 {[%clk 00:00:40]} {[%emt 00:01:30]} 33. Qxd4 {[%clk 00:09:37]}
{[%emt 00:01:11]} Qxa4 {[%clk 00:01:05]} {[%emt 00:00:05]} 34. Ra5 {[%clk
00:10:03]} {[%emt 00:00:03]} Qc6 {[%clk 00:00:45]} {[%emt 00:00:50]} 35. Qa7+
{[%clk 00:10:27]} {[%emt 00:00:22]} Kc8 {[%clk 00:01:12]} 36. Rc5 {[%clk
00:10:52]} Rxb4 {[%clk 00:01:01]} {[%emt 00:00:53]} 37. Rxc6+ Bxc6 38. Qa6+
{[%clk 00:10:05]} Kd7 {[%clk 00:01:23]} {[%emt 00:00:02]} 39. Kh2 {[%clk
00:09:28]} {[%emt 00:00:07]} Rxg4 {[%clk 00:01:12]} {[%emt 00:00:06]} 40. Qa7+
{[%clk 00:09:34]} {[%emt 00:00:05]} Ke8 {[%clk 00:01:16]} {[%emt 00:00:25]} 41.
f4 {[%clk 00:09:21]} {[%emt 00:00:43]} Ne7 {[%emt 00:01:29]} 0-1

[Event "DEM U14 2024"]
[Site "Willingen GER"]
[Date "2024.05.19"]
[Round "2"]
[White "Nechitaylo, Nikita"]
[Black "Skembris, Simon Max"]
[Result "1-0"]
[Termination "normal"]
[Board "3"]
[WhiteTitle "CM"]
[WhiteElo "2212"]
[BlackElo "2009"]
[WhiteClock "00:32:17"]
[BlackClock "00:18:41"]
[PlyCount "75"]
[WhiteFideId "34138161"]
[BlackFideId "16281381"]
[EventCountry "GER"]
[EventRounds "9"]
[EventType "swiss"]
[EventDate "2024.05.18"]

1. e4 {[%clk 01:30:59]} {[%emt 00:13:36]} c5 {[%clk 01:30:26]} {[%emt
00:00:34]} 2. Nf3 {[%clk 01:31:24]} {[%emt 00:00:05]} Nc6 {[%clk 01:30:49]}
{[%emt 00:00:08]} 3. Bb5 {[%clk 01:31:50]} {[%emt 00:00:04]} g6 {[%clk
01:30:30]} {[%emt 00:00:49]} 4. O-O {[%clk 01:32:10]} {[%emt 00:00:10]} Bg7
{[%clk 01:30:35]} {[%emt 00:00:25]} 5. c3 {[%clk 01:32:34]} {[%emt 00:00:07]}
Nf6 {[%clk 01:29:48]} {[%emt 00:01:16]} 6. Re1 {[%clk 01:32:59]} {[%emt
00:00:05]} O-O {[%clk 01:29:21]} {[%emt 00:00:57]} 7. d4 {[%clk 01:33:22]}
{[%emt 00:00:06]} d5 {[%clk 01:27:08]} {[%emt 00:02:44]} 8. e5 {[%clk
01:33:46]} {[%emt 00:00:07]} Ne4 {[%clk 01:27:22]} {[%emt 00:00:16]} 9. Be3
{[%clk 01:34:07]} {[%emt 00:00:08]} Qb6 {[%clk 01:24:45]} {[%emt 00:03:07]} 10.
Bxc6 {[%clk 01:34:24]} {[%emt 00:00:13]} Qxc6 {[%clk 01:22:53]} {[%emt
00:02:22]} 11. dxc5 {[%clk 01:34:49]} {[%emt 00:00:06]} Nxc5 {[%clk 01:21:39]}
{[%emt 00:01:44]} 12. Na3 {[%clk 01:35:15]} {[%emt 00:00:04]} Ne6 {[%clk
01:16:12]} {[%emt 00:05:57]} 13. Nc2 {[%clk 01:30:31]} {[%emt 00:05:13]} Rd8
{[%clk 01:09:47]} {[%emt 00:06:55]} 14. Qd2 {[%clk 01:17:27]} {[%emt 00:13:35]}
a5 {[%clk 01:05:29]} {[%emt 00:04:48]} 15. Rad1 {[%clk 01:12:46]} {[%emt
00:05:11]} Qa6 {[%clk 01:01:16]} {[%emt 00:04:43]} 16. Bh6 {[%clk 01:04:55]}
{[%emt 00:08:20]} Bd7 {[%clk 00:56:46]} {[%emt 00:05:00]} 17. Bxg7 {[%clk
01:01:17]} {[%emt 00:04:07]} Kxg7 {[%clk 00:56:51]} {[%emt 00:00:25]} 18. Ne3
{[%clk 00:55:29]} {[%emt 00:06:20]} Ba4 {[%clk 00:49:01]} {[%emt 00:08:20]} 19.
b3 {[%clk 00:55:00]} {[%emt 00:00:59]} Bc6 {[%clk 00:45:58]} {[%emt 00:03:32]}
20. Ng4 {[%clk 00:52:45]} {[%emt 00:02:45]} Rg8 {[%clk 00:43:21]} {[%emt
00:03:08]} 21. Qh6+ {[%clk 00:44:51]} {[%emt 00:08:23]} Kh8 {[%clk 00:43:40]}
{[%emt 00:00:11]} 22. Nf6 {[%clk 00:43:18]} {[%emt 00:02:03]} exf6 {[%clk
00:38:10]} {[%emt 00:06:01]} 23. exf6 {[%clk 00:43:42]} {[%emt 00:00:06]} g5
{[%clk 00:29:23]} {[%emt 00:09:16]} 24. Rxe6 {[%clk 00:31:56]} {[%emt
00:12:17]} fxe6 {[%clk 00:23:56]} {[%emt 00:05:57]} 25. Nxg5 {[%clk 00:29:57]}
{[%emt 00:02:28]} Rxg5 {[%clk 00:24:09]} {[%emt 00:00:18]} 26. Qxg5 {[%clk
00:30:25]} {[%emt 00:00:01]} Rg8 {[%clk 00:24:04]} {[%emt 00:00:35]} 27. Qe5
{[%clk 00:30:54]} {[%emt 00:00:01]} Qa8 {[%clk 00:23:08]} {[%emt 00:01:26]} 28.
f7+ {[%clk 00:31:23]} {[%emt 00:00:01]} Rg7 {[%clk 00:23:28]} {[%emt 00:00:10]}
29. Rd4 {[%clk 00:31:52]} Qf8 {[%clk 00:22:37]} {[%emt 00:01:21]} 30. Rf4
{[%clk 00:32:18]} {[%emt 00:00:04]} h6 {[%clk 00:18:55]} {[%emt 00:04:12]} 31.
Rf6 {[%clk 00:32:28]} {[%emt 00:00:21]} Kh7 {[%clk 00:18:11]} {[%emt 00:01:13]}
32. Qh5 {[%clk 00:31:06]} {[%emt 00:05:46]} Rg5 {[%clk 00:17:58]} 33. Rxh6+
{[%clk 00:31:26]} Qxh6 {[%clk 00:18:17]} 34. Qxh6+ {[%clk 00:31:53]} Kxh6
{[%clk 00:18:45]} 35. f8=Q+ {[%clk 00:32:17]} Kg6 {[%clk 00:18:46]} {[%emt
00:00:01]} 36. h4 {[%emt 00:00:35]} Rf5 {[%clk 00:18:41]} 37. Qg8+ Kf6 38. g4
1-0

[Event "DEM U14 2024"]
[Site "Willingen GER"]
[Date "2024.05.19"]
[Round "2"]
[White "Nuñez Grégoire, Daniel"]
[Black "Mohylnyi, Stepan"]
[Result "1/2-1/2"]
[Termination "normal"]
[Board "4"]
[WhiteElo "1961"]
[BlackElo "2140"]
[WhiteClock "00:08:51"]
[BlackClock "00:03:19"]
[PlyCount "132"]
[WhiteFideId "34627103"]
[BlackFideId "34127836"]
[EventCountry "GER"]
[EventRounds "9"]
[EventType "swiss"]
[EventDate "2024.05.18"]

1. d4 {[%clk 01:30:57]} {[%emt 00:00:02]} Nf6 {[%clk 01:30:49]} {[%emt
00:00:10]} 2. Nf3 {[%clk 01:31:24]} {[%emt 00:00:04]} g6 {[%clk 01:30:59]}
{[%emt 00:00:20]} 3. c4 {[%clk 01:31:48]} {[%emt 00:00:06]} Bg7 {[%clk
01:31:23]} {[%emt 00:00:06]} 4. Nc3 {[%clk 01:32:13]} {[%emt 00:00:05]} d5
{[%clk 01:31:51]} {[%emt 00:00:02]} 5. e3 {[%clk 01:32:38]} {[%emt 00:00:06]}
O-O {[%clk 01:31:51]} {[%emt 00:00:29]} 6. Bd2 {[%clk 01:33:00]} {[%emt
00:00:08]} c6 {[%clk 01:27:21]} {[%emt 00:05:00]} 7. h3 {[%clk 01:32:59]}
{[%emt 00:00:31]} Nbd7 {[%clk 01:26:49]} {[%emt 00:01:02]} 8. cxd5 {[%clk
01:32:04]} {[%emt 00:01:27]} cxd5 {[%clk 01:24:50]} {[%emt 00:02:28]} 9. Bd3
{[%clk 01:32:02]} {[%emt 00:00:32]} Re8 {[%clk 01:19:23]} {[%emt 00:05:57]} 10.
O-O {[%clk 01:30:54]} {[%emt 00:01:38]} e5 {[%clk 01:11:31]} {[%emt 00:08:23]}
11. dxe5 {[%clk 01:30:14]} {[%emt 00:01:10]} Nxe5 {[%clk 01:11:55]} {[%emt
00:00:06]} 12. Nxe5 {[%clk 01:25:42]} {[%emt 00:05:02]} Rxe5 {[%clk 01:12:24]}
{[%emt 00:00:01]} 13. Ne2 {[%clk 01:13:39]} {[%emt 00:12:34]} Bd7 {[%clk
00:59:31]} {[%emt 00:13:23]} 14. Bc3 {[%clk 01:11:15]} {[%emt 00:02:53]} Re8
{[%clk 00:59:45]} {[%emt 00:00:16]} 15. Rc1 {[%clk 01:08:05]} {[%emt 00:03:40]}
Bc6 {[%clk 00:54:08]} {[%emt 00:06:07]} 16. Bd4 {[%clk 01:03:38]} {[%emt
00:04:57]} Qd7 {[%clk 00:43:57]} {[%emt 00:10:41]} 17. Qc2 {[%clk 00:57:58]}
{[%emt 00:06:11]} a6 {[%clk 00:28:50]} {[%emt 00:15:37]} 18. Rfd1 {[%clk
00:55:39]} {[%emt 00:02:48]} Rac8 {[%clk 00:28:53]} {[%emt 00:00:27]} 19. Qb1
{[%clk 00:55:36]} {[%emt 00:00:33]} Qc7 {[%clk 00:23:47]} {[%emt 00:05:36]} 20.
b3 {[%clk 00:50:54]} {[%emt 00:05:12]} Ne4 {[%clk 00:21:12]} {[%emt 00:03:05]}
21. Bxg7 {[%clk 00:49:33]} {[%emt 00:01:50]} Kxg7 {[%clk 00:21:14]} {[%emt
00:00:29]} 22. Bxe4 {[%clk 00:48:10]} {[%emt 00:01:53]} dxe4 {[%clk 00:21:26]}
{[%emt 00:00:18]} 23. Nd4 {[%clk 00:41:22]} {[%emt 00:07:17]} Qb6 {[%clk
00:20:06]} {[%emt 00:01:50]} 24. Nxc6 {[%clk 00:40:34]} {[%emt 00:01:18]} Rxc6
{[%clk 00:20:31]} {[%emt 00:00:05]} 25. Rxc6 {[%clk 00:39:07]} {[%emt
00:01:57]} Qxc6 {[%clk 00:20:57]} {[%emt 00:00:05]} 26. Qb2+ {[%clk 00:33:10]}
{[%emt 00:06:27]} Kg8 {[%clk 00:18:51]} {[%emt 00:02:35]} 27. Qd4 {[%clk
00:32:18]} {[%emt 00:01:21]} Rc8 {[%clk 00:16:56]} {[%emt 00:02:26]} 28. Kh2
{[%emt 00:09:00]} Qe6 {[%clk 00:12:10]} {[%emt 00:00:01]} 29. Qd6 {[%clk
00:20:32]} {[%emt 00:09:00]} Qf5 {[%clk 00:07:42]} {[%emt 00:04:59]} 30. Rd2
{[%clk 00:19:09]} {[%emt 00:01:52]} h5 {[%clk 00:06:34]} {[%emt 00:01:39]} 31.
Qe7 {[%clk 00:14:29]} {[%emt 00:05:09]} b5 {[%clk 00:03:23]} {[%emt 00:03:42]}
32. Rd8+ {[%clk 00:06:39]} {[%emt 00:08:20]} Rxd8 {[%clk 00:03:47]} {[%emt
00:00:06]} 33. Qxd8+ {[%clk 00:07:07]} {[%emt 00:00:02]} Kh7 {[%clk 00:03:19]}
{[%emt 00:00:57]} 34. Kg1 {[%emt 00:05:52]} Qe5 {[%clk 00:02:48]} 35. Qd2
{[%clk 00:03:34]} {[%emt 00:00:12]} Kg7 {[%clk 00:01:48]} {[%emt 00:01:01]} 36.
h4 {[%clk 00:03:38]} {[%emt 00:00:26]} Qc5 {[%clk 00:01:13]} {[%emt 00:01:04]}
37. g3 {[%clk 00:03:24]} {[%emt 00:00:45]} b4 {[%clk 00:00:53]} {[%emt
00:00:51]} 38. Kg2 {[%clk 00:03:17]} {[%emt 00:00:36]} a5 {[%clk 00:00:53]}
{[%emt 00:00:30]} 39. Qd8 {[%clk 00:02:19]} {[%emt 00:01:28]} Qe5 {[%clk
00:00:54]} {[%emt 00:00:29]} 40. Qa8 {[%clk 00:02:07]} {[%emt 00:00:42]} Qf5
{[%clk 00:00:41]} {[%emt 00:00:42]} 41. Kg1 {[%clk 00:02:19]} {[%emt 00:00:18]}
Kh7 {[%clk 00:25:06]} {[%emt 00:06:05]} 42. Kg2 {[%clk 00:30:47]} {[%emt
00:02:02]} Qe5 {[%clk 00:24:33]} {[%emt 00:01:03]} 43. Qb7 {[%clk 00:29:31]}
{[%emt 00:01:46]} Kg8 {[%clk 00:19:35]} {[%emt 00:05:28]} 44. Qa8+ {[%clk
00:28:16]} {[%emt 00:01:46]} Kg7 {[%clk 00:19:46]} {[%emt 00:00:18]} 45. Qd8
{[%clk 00:28:00]} {[%emt 00:00:47]} Qc5 {[%clk 00:18:01]} {[%emt 00:02:15]} 46.
Qa8 {[%clk 00:27:45]} {[%emt 00:00:45]} Qf5 {[%clk 00:17:30]} {[%emt 00:01:00]}
47. Kg1 {[%clk 00:27:36]} {[%emt 00:00:39]} Kh7 {[%clk 00:15:36]} {[%emt
00:02:23]} 48. Kg2 {[%clk 00:26:33]} {[%emt 00:01:34]} Qe5 {[%emt 00:04:59]}
49. Qd8 {[%clk 00:26:09]} f6 {[%clk 00:13:29]} {[%emt 00:00:17]} 50. Qd7+
{[%clk 00:26:11]} {[%emt 00:00:06]} Kh6 {[%clk 00:13:44]} {[%emt 00:00:02]} 51.
Qd8 {[%clk 00:26:17]} {[%emt 00:00:03]} g5 {[%clk 00:13:10]} {[%emt 00:00:44]}
52. Qh8+ {[%clk 00:17:45]} {[%emt 00:09:02]} Kg6 {[%clk 00:12:27]} {[%emt
00:01:13]} 53. hxg5 {[%clk 00:15:15]} {[%emt 00:03:00]} Kxg5 {[%clk 00:11:32]}
{[%emt 00:01:26]} 54. Qg8+ {[%clk 00:13:14]} {[%emt 00:02:30]} Kf5 {[%clk
00:10:58]} {[%emt 00:00:59]} 55. Qh7+ {[%clk 00:11:04]} {[%emt 00:02:45]} Ke6
{[%clk 00:10:19]} {[%emt 00:01:08]} 56. Qg8+ {[%clk 00:10:55]} {[%emt
00:00:40]} Kd7 {[%clk 00:08:22]} {[%emt 00:02:28]} 57. Qf7+ {[%clk 00:09:58]}
{[%emt 00:01:27]} Kc6 {[%clk 00:08:40]} {[%emt 00:00:11]} 58. Qa7 {[%clk
00:09:34]} {[%emt 00:00:54]} Qf5 {[%clk 00:06:34]} {[%emt 00:02:37]} 59. Qa8+
{[%clk 00:08:59]} {[%emt 00:01:05]} Kd7 {[%clk 00:06:44]} {[%emt 00:00:19]} 60.
Qa7+ {[%clk 00:08:39]} {[%emt 00:00:55]} Ke6 {[%clk 00:06:50]} {[%emt
00:00:35]} 61. Qa6+ {[%clk 00:08:45]} {[%emt 00:03:32]} Kf7 62. Qa7+ {[%clk
00:08:47]} Kg6 {[%clk 00:07:37]} 63. Qa8 {[%clk 00:08:47]} {[%emt 00:00:01]}
Qf3+ {[%clk 00:07:10]} {[%emt 00:00:04]} 64. Kg1 {[%clk 00:09:02]} {[%emt
00:00:01]} Kg5 {[%clk 00:06:30]} {[%emt 00:00:05]} 65. Qg8+ {[%clk 00:08:43]}
{[%emt 00:00:46]} Kf5 {[%clk 00:06:50]} {[%emt 00:00:09]} 66. Qc8+ {[%clk
00:08:51]} {[%emt 00:00:22]} Kg6 {[%clk 00:03:19]} {[%emt 00:04:02]} 1/2-1/2